Parábolas y catástrofes: entrevista sobre matemáticas, ciencia y filosofía

Guardat en:
Dades bibliogràfiques
Autor principal: Thom, René (Autor)
Format: Llibre
Idioma:espanyol
Publicat: Barcelona Tusquets 2000
Edició:3a. ed
Col·lecció:Metatemas, 11
Matèries:
Etiquetes: Afegir etiqueta
Sense etiquetes, Sigues el primer a etiquetar aquest registre!

MARC

LEADER 00000nam a2200000 a 4500
001 UCM4676
003 CL-VaPUC
008 020830e20001100SP |||||||||||||||||spa|d
082 0 4 |a 510.1  |b THO  |2 21 
100 0 |a Thom, René  |e author  |9 471072 
245 1 0 |a Parábolas y catástrofes: entrevista sobre matemáticas, ciencia y filosofía 
250 |a 3a. ed 
300 |a 197 p 
942 |c BK 
945 |d 20020830 00:00:00  |a vberengu 
260 |a Barcelona  |b Tusquets  |c 2000 
650 0 |a Filosofía de las ciencias  |9 256466 
650 0 |a Matemática  |9 260235 
650 0 |a Teoría matemática   |9 410070 
583 |a last modification  |c 20020830 00:00:00  |k Rodrigo Vera 
490 0 |a Metatemas, 11 
999 |c 301198  |d 301196 
952 |0 0  |1 0  |4 0  |6 510_100000000000000_THO_2000  |7 0  |8 A  |9 359960  |a BIBMAT  |b BIBMAT  |d 2019-11-21  |i 3813207  |o 510.1 THO 2000  |p 3813207  |r 2025-01-07  |w 2019-11-21  |y BK  |k MAT